Virtuálna mena z účtovného a daňového hľadiska
Aktuálnym trendom platenia transakcií vykonávaných virtuálne prostredníctvom internetovej siete je využívanie alternatívnych platidiel, tzv. virtuálnych platidiel označovaných aj ako kryptomeny. Pojem kryptomena. Druhy virtuálnych mien. Pozitívne vlastnosti kryptomien. Zdaňovanie a účtovanie kryptom...
Salvato in:
| Autore principale: | |
|---|---|
| Altri autori: | , |
| Natura: | Capitolo di libro |
| Lingua: | slovacco |
| Soggetti: | |
| Tags: |
Nessun Tag, puoi essere il primo ad aggiungerne!!
|
MARC
| LEADER | 00000naa a2200000 4500 | ||
|---|---|---|---|
| 001 | 0252053 | ||
| 005 | 20190318085107.3 | ||
| 041 | 0 | |a slo | |
| 044 | |a SK | ||
| 245 | 1 | 0 | |a Virtuálna mena z účtovného a daňového hľadiska |c Monika Adamíková, Miroslava Brnová, Michaela Vidová |
| 520 | |a Aktuálnym trendom platenia transakcií vykonávaných virtuálne prostredníctvom internetovej siete je využívanie alternatívnych platidiel, tzv. virtuálnych platidiel označovaných aj ako kryptomeny. Pojem kryptomena. Druhy virtuálnych mien. Pozitívne vlastnosti kryptomien. Zdaňovanie a účtovanie kryptomien. Ilustračné príklady. | ||
| 610 | 2 | 0 | |a mena virtuálna |
| 610 | 2 | 0 | |a zdaňovanie |
| 610 | 2 | 0 | |a účtovanie |
| 610 | 2 | 0 | |a legislatíva |
| 100 | 1 | |a Adamíková, Monika | |
| 700 | 1 | |a Brnová, Miroslava | |
| 700 | 1 | |a Vidová, Michaela | |